| 000 | 00334nam a22001337a 4500 | ||
|---|---|---|---|
| 020 | _a0750689129 | ||
| 082 |
_a628.720994 _bSOU/FA |
||
| 100 |
_aSouthorn,Neil _9989 |
||
| 245 | _aFarm Water Supplies: Planning and Installation | ||
| 260 |
_aChatswood _bInkata Press _c1995 |
||
| 300 | _a144 | ||
| 490 | _aPractical Farming | ||
| 942 | _cBK | ||
| 999 |
_c14572 _d14572 |
||